THE QUALITY TEAM CONCEPT IN TOTAL QUALITY CON (Record no. 740192)

MARC details
000 -LEADER
fixed length control field 00264nam a2200097Ia 4500
008 - FIXED-LENGTH DATA ELEMENTS--GENERAL INFORMATION
fixed length control field 230508s1996 xx 000 0 und d
041 ## - LANGUAGE CODE
Language code of text/sound track or separate title eng
100 ## - MAIN ENTRY--PERSONAL NAME
Personal name JOHN M. RYAN
245 ## - TITLE STATEMENT
Title THE QUALITY TEAM CONCEPT IN TOTAL QUALITY CON
260 ## - PUBLICATION, DISTRIBUTION, ETC.
Name of publisher, distributor, etc. TATA MC GRAW HILL CO
Date of publication, distribution, etc. 1996

No items available.